Won't Get Fooled Again - The Who full Lyrics - Statistics

General Stats
  • This quiz has been taken 16 times
    4 since last reset
  • The average score is 287 of 306
Answer Stats
Answer % Correct
a
100%
again.
100%
again,
100%
ain't
100%
all
100%
all.
100%
along,
100%
and
100%
And
100%
around,
100%
at
100%
be
100%
bow
100%
change
100%
Change,
100%
children
100%
come,
100%
Constitution,
100%
different
100%
do
100%
don't
100%
family
100%
feet,
100%
fighting
100%
fooled
100%
for
100%
from
100%
get
100%
gone.
100%
grin
100%
guitar
100%
had
100%
hat
100%
I
100%
I'll
100%
in
100%
is
100%
it
100%
just
100%
knees
100%
know
100%
left
100%
liberated
100%
lie,
100%
like
100%
looks
100%
me,
100%
men
100%
move
100%
my
100%
never
100%
new
100%
no,
100%
no.
100%
no!
100%
now
100%
on
100%
our
100%
parting
100%
pick
100%
play,
100%
pray:
100%
revolution,
100%
right,
100%
same,
100%
same
100%
smile
100%
spurred
100%
street
100%
streets,
100%
take
100%
that
100%
the
100%
then
100%
they
100%
tip
100%
to
100%
up
100%
us
100%
We
100%
we
100%
We'll
100%
were
100%
who
100%
will
100%
with
100%
world
100%
wrong,
100%
yesterday,
100%
any
75%
as
75%
aside,
75%
boss,
75%
boss.
75%
'cause
75%
changed,
75%
half-alive,
75%
happen
75%
history
75%
hypnotised
75%
if
75%
judgement
75%
knew
75%
last
75%
Meet
75%
myself
75%
nothing
75%
of
75%
old
75%
papers
75%
sit
75%
sky,
75%
worship
75%
Yeah!
75%
YEAH!!
75%
banners,
50%
decide
50%
fold,
50%
morals
50%
shotgun
50%
sings
50%
slogans
50%
song.
50%
that's
50%
There's
50%
war.
50%
you?
50%
are
25%
beards
25%
by-the-bye.
25%
effaced,
25%
flown
25%
grown
25%
have
25%
longer
25%
overnight.
25%
No matching quizzes found
Score Distribution
Percent of People with Each Score
Percentile by Number Answered
Your Score History
You have not taken this quiz since the last reset